00986nam a22002177a 4500003000400000005001700004008004100021010001500062020001800077040000700095050001400102100002500116245010600141250001200247260003100259300003700290505037300327650001900700700002300719700002600742OSt20220317110844.0120822t xxu||||| |||| 00| 0 eng d a2007028033 a9780470052457 cLC aG70.4.L54 aLillesand, Thomas M. aRemote sensing and image interpretation. /cThomas M. Lillesand, Ralph W. Keifer, Jonathan W. Chipman a6th ed. aNw York: bWiley, c2008. a?? xii, 228 p. :bill. ;c28 cm. aContents: Concepts and foundations of remote sensing -- Elements of photographic systems -- Basic principles of photogrammetry -- Introduction to visual image interpretation -- Multispectral, thermal and hyperspectral sensing -- Earth resource satellites operating in the optical spectrum -- Digital image interpretation and analysis -- Microwave and lidar sensing --  aRemote sensing aKeifer, Ralph W.  aChipman, Jonathan W.